Literature for our time ; an anthology for college freshmen /

Bibliographic Details
Main Author: Brown, Leonard Stanley
Other Authors: Waite, Harlow O., Atkinson, Benjamin P.
Format: Book
Language:English
Published: New York : H. Holt and company, [1947]
Subjects:

MARC

Tag First Indicator Second Indicator Subfields
LEADER 00000cam a2200000 4500
001 in00000025991
005 20151007055750.0
008 760128s1947 nyua 00010 eng
010 |a  47001052  
035 |a (OCoLC)01949934 
035 |9 AAB9204AM 
040 |a DLC  |c GJG  |d m.c.  |d m/c  |d TXA  |d UtOrBLW 
049 |a TXAM  |c [A11675132] 
050 0 0 |a PN6014  |b .B745 
082 0 |a 820.82 
100 1 |a Brown, Leonard Stanley. 
245 1 0 |a Literature for our time ;  |b an anthology for college freshmen /  |c Edited by Leonard S. Brown, Harlow O. Waite [and] Benjamin P. Atkinson. 
264 1 |a New York :  |b H. Holt and company,  |c [1947] 
300 |a xiii, 951 pages :  |b illustrations ;  |c 24 cm. 
336 |a text  |b txt  |2 rdacontent 
337 |a unmediated  |b n  |2 rdamedia 
338 |a volume  |b nc  |2 rdacarrier 
500 |a "Some modern novels": page 929. "Recordings of poems by the poets": page 930. 
650 0 |a Literature, Modern. 
650 0 |a American literature (Collections) 
650 0 |a English literature (Collections) 
700 1 |a Waite, Harlow O. 
700 1 |a Atkinson, Benjamin P. 
999 |a MARS 
999 f f |s 67f85d8b-0258-30d3-ba99-a0c3d6ea3fe6  |i 9ec4c0b1-8937-39c0-8362-8760a0dc5734  |t 0 
952 f f |p ric  |a Texas A&M University  |b Rellis Campus  |c Joint Library Facility  |d Remote Storage  |t 0  |e PN6014 .B745  |h Library of Congress classification  |i unmediated -- volume  |m A14811675132 
998 f f |a PN6014 .B745  |t 0  |l Remote Storage